Normal view
MARC view
- George Mathew (Guide)
Entry Personal Name
001 - CONTROL NUMBER
- control field: 3193
003 - CONTROL NUMBER IDENTIFIER
- control field: OSt
005 - DATE AND TIME OF LATEST TRANSACTION
- control field: 20180723103330.0
008 - FIXED-LENGTH DATA ELEMENTS
- fixed length control field: 180723|| aca||aabn | a|a d
040 ## - CATALOGING SOURCE
- Original cataloging agency: OSt
- Transcribing agency: OSt
100 ## - HEADING--PERSONAL NAME
- Personal name: George Mathew (Guide)
670 ## - SOURCE DATA FOUND
- Source citation: Work cat.: (OSt): Aswathy M.S 3192, Development and performance evaluation of a rubbber tapping machine, 2018
